1335 1279 1925 1979 1559 1455 1616 1501 1370 1576 1469 1454 1316 1172 1139 1434 1025 1265 1934 1916 1097 1514 1308 1375 1138 1630 1896 1586 1055 1793 1709 1669 1940 1684 1176 1365 1971 1988 1894 1958 1314 1640 1671 1422 1985 1921 1441 1427 1523 1253 1711 1973 1497 1961 1323 1423 1505 1848 1289 1902 1484 1968 1412 1306 1505 1634 1177 1897 1567 1065 1775 1527 1552 1455 1645 1114 1179 1055 1476 1526 1920 1196 1766 1772 1950 1222 1326 1003 1124 1719 1816 1899 1916 1587 1314 1373 1272 1330 1662 BCNSPRNW ULIB Ver.6.0+V

เปลี่ยนเป็นภาษาไทย

Change to English
 แสดงรายละเอียดบรรณานุกรม
  กลับหน้าหลัก

Brief Record : Get Marc (ISO 2709) : E-mail record : QR code < ปิดหน้าต่าง
LEADER : 00000nas 2200000uu 4500
001    13399113903
003     ULIB
008    020711s|||| th a 000 0 tha d
022    ^a08598339
110    ^aโรงพยาบาลอุตรดิตถ์
245    ^aวารสารโรงพยาบาลอุตรดิตถ์
260    ^aอุตรดิตถ์ :^bโรงพยาบาลอุตรดิตถ์,^cม.ป.ป.
310    ^aรายสี่เดือน
850 ^a ULIB^bฉบับที่ 2 ปีที่ 26 ;ฉบับที่ 3 ปีที่ 26
945    ^p0^l0^i900062
945    ^p0^l0^i900826
รายการนี้ยังไม่มีแท็ก
คุณยังไม่ได้ล็อกอิน คุณสามารถมีกิจกรรมร่วมกับเว็บไซต์ได้ แต่ต้องล็อกอินก่อน ::
  ล็อกอิน

รายการสื่อสารสนเทศ (วารสาร)

ดูแบบ: กล่อง รายการ
ARRIVED
ฉบับที่ 2 ปีที่ 26
สถานที่: ห้องสมุดวิทยาเขตสวรรค์ประชารักษ์ >วารสาร
ARRIVED
ฉบับที่ 3 ปีที่ 26
สถานที่: ห้องสมุดวิทยาเขตสวรรค์ประชารักษ์ >หนังสือทั่วไป
รายการใกล้เคียง
    ผู้แต่ง []

BibComment


ยังไม่เคยถูกคอมเมนท์

คอมเมนท์ทรัพยากรรายการนี้
  คอมเมนท์: วารสารโรงพยาบาลอ..


 Copyright 2026. Bcnsprnw @Library